Les plats français les plus connus - Statistiques

Statistiques générales
  • Ce quiz a été pris 150 fois
    112 depuis la dernière actualisation
  • Le résultat moyen est 6 sur 18
Statistiques - réponses
Hint Réponse % Correct
16% Raclette
63%
39% Boeuf Bourguignon
61%
31% Cassoulet
53%
11% Tartiflette
46%
22% Blanquette de veau
44%
17% Choucroute
39%
15% Pot-au-feu
37%
13% Bouillabaisse
35%
9% Ratatouille
33%
11% Fondue Savoyarde
31%
15% Escargots
29%
13% Coq au vin
28%
12% Quiche Lorraine
27%
16% Crêpes
24%
11% Gratin Dauphinois
19%
5% Soupe à l'oignon
16%
20% Confit de canard
4%
9% Moules marinières
3%
Aucun quiz correspondant
Distribution des résultats
% des personnes avec chaque résultat
Percentile par nombre de réponses
Votre historique - résultats
Vous n’avez pas pris ce quiz depuis la dernière actualisation